| 000 | 00755nam a2200229Ii 4500 | ||
|---|---|---|---|
| 003 | JO-AjNU | ||
| 008 | 230605s9999||||xx |||||||||||||| ||und|| | ||
| 017 | _a1998/12/2109 | ||
| 020 | _a978-9957-00-039-X | ||
| 040 |
_aJO-AjNU _bara _erda _cJO-AjNU |
||
| 041 | _aara | ||
| 050 | 1 | 4 | _aLC189.R37 2008 |
| 100 | 3 |
_aالرشدان،عبدالله, _eauthor _922718 |
|
| 245 | 0 | 0 | _aعلم إجتماع التربية |
| 250 | _aط1 | ||
| 264 | 3 | 1 | _aعمان:دار الشروق،2008/رام الله:دار الشروق،2008 |
| 300 | _a360ص | ||
| 336 |
_atext _btxt _2rdacontent |
||
| 337 |
_aunmediated _bn _2rdamedia |
||
| 338 |
_avolume _bnc _2rdacarrier |
||
| 650 | 4 |
_aالعلوم الإجتماعية-علم الإجتماع التربوي _922719 |
|
| 999 |
_aA8108 _c11676 _d11676 |
||